000 00861nam a22002537a 4500
001 BR5800149
003 BR-BrBNA
005 20230928083003.0
007 ta
008 230509b bl.||||| |||| 00| 0 por d
040 _aBR-BrBNA
_bpor
_cBiblioteca Nacional de Agricultura
041 _a(Por)
072 _aE10
_b/G514
090 _ E10 BR5800149
100 1 _aCarneiro, D.
110 1 _aUniversidade Federal do Parana, Curitiba (Brasil). Faculdade de Ciencias Economicas
_911084
245 1 _aCicloeconomia [ciencia economica, conjuntura economica, economia, Brasil]
260 3 _aCuritiba, PR (Brasil):
_c1958.
300 _a244 p.
500 _aBibliography p. 241-244 (131 ref.). (*) Documento disponível na(o) Biblioteca Publica do Parana, Curitiba (Brazil)
650 _aCICLO ECONOMICO
909 _a202309
_bLucia
_c55
_dLucia Elande
942 _cBK
999 _c10968
_d10968